<?xml version="1.0" encoding="UTF-8"?>
<record
    xmlns:xsi="http://www.w3.org/2001/XMLSchema-instance"
    xsi:schemaLocation="http://www.loc.gov/MARC21/slim http://www.loc.gov/standards/marcxml/schema/MARC21slim.xsd"
    xmlns="http://www.loc.gov/MARC21/slim">

  <leader>00829cam a2200253   4500</leader>
  <controlfield tag="001">35109</controlfield>
  <controlfield tag="003">BD-RjUL</controlfield>
  <controlfield tag="005">20211209052248.0</controlfield>
  <controlfield tag="008">140521r1952    nyu           001 0 eng</controlfield>
  <datafield tag="035" ind1=" " ind2=" ">
    <subfield code="a">(BD-RjUL)35203</subfield>
  </datafield>
  <datafield tag="040" ind1=" " ind2=" ">
    <subfield code="a">DLC</subfield>
    <subfield code="c">DLC</subfield>
    <subfield code="d">ICU</subfield>
    <subfield code="d">DLC</subfield>
    <subfield code="d">BD-RjUL</subfield>
    <subfield code="b">eng</subfield>
  </datafield>
  <datafield tag="041" ind1=" " ind2=" ">
    <subfield code="a">eng</subfield>
  </datafield>
  <datafield tag="082" ind1="0" ind2="0">
    <subfield code="a">519.5</subfield>
    <subfield code="b">RAA 1952</subfield>
  </datafield>
  <datafield tag="100" ind1="1" ind2=" ">
    <subfield code="a">Rao, C. Radhakrishna,</subfield>
    <subfield code="q">(Calyampudi Radhakrishna),</subfield>
    <subfield code="d">1920-</subfield>
    <subfield code="9">20727</subfield>
  </datafield>
  <datafield tag="245" ind1="1" ind2="0">
    <subfield code="a">Advanced statistical methods in biometric research /</subfield>
    <subfield code="c">by C. Radhakrishna Rao. Reprint with corrections.</subfield>
  </datafield>
  <datafield tag="260" ind1=" " ind2=" ">
    <subfield code="a">New York ;</subfield>
    <subfield code="a">London :</subfield>
    <subfield code="b">Wiley,</subfield>
    <subfield code="c">c1952.</subfield>
  </datafield>
  <datafield tag="300" ind1=" " ind2=" ">
    <subfield code="a">xvii, 390 p. ;</subfield>
    <subfield code="c">24 cm.</subfield>
  </datafield>
  <datafield tag="504" ind1=" " ind2=" ">
    <subfield code="a">Includes bibliographical references and index.</subfield>
  </datafield>
  <datafield tag="650" ind1=" " ind2="0">
    <subfield code="a">Mathematical statistics.</subfield>
    <subfield code="9">106897</subfield>
  </datafield>
  <datafield tag="650" ind1=" " ind2="0">
    <subfield code="a">Biometry.</subfield>
    <subfield code="9">106898</subfield>
  </datafield>
  <datafield tag="942" ind1=" " ind2=" ">
    <subfield code="2">ddc</subfield>
    <subfield code="c">BK</subfield>
  </datafield>
  <datafield tag="999" ind1=" " ind2=" ">
    <subfield code="c">35109</subfield>
    <subfield code="d">35109</subfield>
  </datafield>
  <datafield tag="952" ind1=" " ind2=" ">
    <subfield code="0">0</subfield>
    <subfield code="1">0</subfield>
    <subfield code="2">ddc</subfield>
    <subfield code="4">0</subfield>
    <subfield code="7">0</subfield>
    <subfield code="8">NFIC</subfield>
    <subfield code="a">RUCL</subfield>
    <subfield code="b">RUCL</subfield>
    <subfield code="c">Stack</subfield>
    <subfield code="d">1962-11-28</subfield>
    <subfield code="e">Zeitlinger</subfield>
    <subfield code="g">83.00</subfield>
    <subfield code="l">0</subfield>
    <subfield code="o">519.5 RAA 1952</subfield>
    <subfield code="r">2014-05-21 00:00:00</subfield>
    <subfield code="t">C-3</subfield>
    <subfield code="w">2021-12-09</subfield>
    <subfield code="y">BK</subfield>
  </datafield>
  <datafield tag="952" ind1=" " ind2=" ">
    <subfield code="0">0</subfield>
    <subfield code="1">0</subfield>
    <subfield code="2">ddc</subfield>
    <subfield code="4">0</subfield>
    <subfield code="7">0</subfield>
    <subfield code="8">NFIC</subfield>
    <subfield code="a">RUCL</subfield>
    <subfield code="b">RUCL</subfield>
    <subfield code="c">Stack</subfield>
    <subfield code="d">1962-01-18</subfield>
    <subfield code="e">Zeitlinger</subfield>
    <subfield code="g">83.00</subfield>
    <subfield code="l">0</subfield>
    <subfield code="o">519.5 RAA 1952</subfield>
    <subfield code="r">2014-05-21 00:00:00</subfield>
    <subfield code="t">C-2</subfield>
    <subfield code="w">2014-05-21</subfield>
    <subfield code="y">BK</subfield>
  </datafield>
  <datafield tag="952" ind1=" " ind2=" ">
    <subfield code="0">0</subfield>
    <subfield code="1">0</subfield>
    <subfield code="2">ddc</subfield>
    <subfield code="4">0</subfield>
    <subfield code="7">0</subfield>
    <subfield code="8">NFIC</subfield>
    <subfield code="a">RUCL</subfield>
    <subfield code="b">RUCL</subfield>
    <subfield code="c">Stack</subfield>
    <subfield code="d">1963-02-05</subfield>
    <subfield code="e">Zeitlinger</subfield>
    <subfield code="g">83.00</subfield>
    <subfield code="l">0</subfield>
    <subfield code="o">519.5 RAA 1952</subfield>
    <subfield code="r">2014-05-21 00:00:00</subfield>
    <subfield code="t">C-7</subfield>
    <subfield code="w">2014-05-21</subfield>
    <subfield code="y">BK</subfield>
  </datafield>
  <datafield tag="952" ind1=" " ind2=" ">
    <subfield code="0">0</subfield>
    <subfield code="1">0</subfield>
    <subfield code="2">ddc</subfield>
    <subfield code="4">0</subfield>
    <subfield code="7">0</subfield>
    <subfield code="8">NFIC</subfield>
    <subfield code="a">RUCL</subfield>
    <subfield code="b">RUCL</subfield>
    <subfield code="c">Stack</subfield>
    <subfield code="d">1962-11-28</subfield>
    <subfield code="e">Zeitlinger</subfield>
    <subfield code="g">83.00</subfield>
    <subfield code="l">0</subfield>
    <subfield code="o">519.5 RAA 1952</subfield>
    <subfield code="r">2014-05-25 00:00:00</subfield>
    <subfield code="t">C-4</subfield>
    <subfield code="w">2014-05-25</subfield>
    <subfield code="y">BK</subfield>
  </datafield>
  <datafield tag="952" ind1=" " ind2=" ">
    <subfield code="0">0</subfield>
    <subfield code="1">0</subfield>
    <subfield code="2">ddc</subfield>
    <subfield code="4">0</subfield>
    <subfield code="7">0</subfield>
    <subfield code="8">NFIC</subfield>
    <subfield code="a">RUCL</subfield>
    <subfield code="b">RUCL</subfield>
    <subfield code="c">Stack</subfield>
    <subfield code="d">1962-10-18</subfield>
    <subfield code="e">Zitlinger</subfield>
    <subfield code="g">83.00</subfield>
    <subfield code="l">0</subfield>
    <subfield code="o">519.5 RAA 1952</subfield>
    <subfield code="r">2014-06-16 00:00:00</subfield>
    <subfield code="t">C-5</subfield>
    <subfield code="w">2014-06-16</subfield>
    <subfield code="y">BK</subfield>
  </datafield>
  <datafield tag="952" ind1=" " ind2=" ">
    <subfield code="0">0</subfield>
    <subfield code="1">0</subfield>
    <subfield code="2">ddc</subfield>
    <subfield code="4">0</subfield>
    <subfield code="7">0</subfield>
    <subfield code="8">NFIC</subfield>
    <subfield code="a">RUCL</subfield>
    <subfield code="b">RUCL</subfield>
    <subfield code="c">Stack</subfield>
    <subfield code="d">1962-10-18</subfield>
    <subfield code="e">Zitlinger</subfield>
    <subfield code="g">83.00</subfield>
    <subfield code="l">0</subfield>
    <subfield code="o">519.5 RAA 1952</subfield>
    <subfield code="r">2014-06-16 00:00:00</subfield>
    <subfield code="t">C-8</subfield>
    <subfield code="w">2014-06-16</subfield>
    <subfield code="y">BK</subfield>
  </datafield>
</record>
